000 00760cab a22002055a 4500
001 L146688
008 090217e20090216xxkad f s 000 0 eng d
035 _a(Sirsi) u146688
041 0 _aeng
110 2 _aEuroProperty
_91216
245 0 0 _aSpain and Portugal
260 _c2009
490 0 _aEuroProperty
_v16 February 2009, 21-25(5)
520 _aReports that after 15 years of growth, Spain's economy is in worse trouble than predicted, but Portugal's steady growth puts it in a better position. Reviews the investment and office markets in Spain, and comments on the prospects for a bank bailout. Tables.
590 _aKA
651 4 _aSpain
651 4 _aPortugal
690 _aPROPERTY-COMMERCIAL PROPERTY-COMMERCIAL PROPERTY MARKET
942 _n0
999 _c81246
_d81246